Bundesliga Torschüzenkönige - Statistiken

Allgemein
  • Dieses Quiz wurde 137 mal gespielt
  • Das Durchschnittsergebnis liegt bei 35 aus 72
Antwortstatistiken
Saison Tore Spieler % Korrekt
2021/22 35 Robert Lewandowski
96%
2020/21 41 Robert Lewandowski
96%
2019/20 34 Robert Lewandowski
96%
2018/19 22 Robert Lewandowski
96%
2017/18 29 Robert Lewandowski
96%
2015/16 30 Robert Lewandowski
96%
2013/14 20 Robert Lewandowski
96%
2023/24 36 Harry Kane
95%
1977/78 24 Dieter Müller
93%
1976/77 34 Dieter Müller
93%
1977/78 24 Gerd Müller
93%
1973/74 30 Gerd Müller
93%
1972/73 36 Gerd Müller
93%
1971/72 40 Gerd Müller
93%
1969/70 38 Gerd Müller
93%
1968/69 30 Gerd Müller
93%
1966/67 28 Gerd Müller
93%
2016/17 31 Pierre-Emerick Aubameyang
80%
2010/11 28 Mario Gomez
76%
2022/23 16 Niclas Füllkrug
72%
2022/23 16 Christopher Nkunku
65%
2008/09 28 Grafite
65%
2014/15 19 Alexander Meier
64%
2009/10 22 Edin Dzeko
62%
2005/06 25 Miroslav Klose
62%
2003/04 28 Ailton
58%
1983/84 26 Karl-Heinz Rummenigge
57%
1980/81 29 Karl-Heinz Rummenigge
57%
1979/80 26 Karl-Heinz Rummenigge
57%
2002/03 21 Giovane Elber
55%
1963/64 30 Uwe Seeler
55%
2007/08 24 Luca Toni
52%
1987/88 19 Jürgen Klinsmann
51%
2012/13 25 Stefan Kießling
48%
1982/83 23 Rudolf Völler
43%
2011/12 29 Klaas Jan Huntelaar
42%
2006/07 20 Theofanis Gekas
38%
1997/98 22 Ulf Kirsten
36%
1996/97 22 Ulf Kirsten
36%
1992/93 20 Ulf Kirsten
36%
1974/75 27 Josef Heynckes
35%
1973/74 30 Josef Heynckes
35%
2004/05 24 Marek Mintal
34%
1981/82 27 Horst Hrubesch
32%
2001/02 18 Marcio Amoroso
32%
2000/01 22 Ebbe Sand
30%
1995/96 17 Fredi Bobic
30%
1975/76 29 Klaus Fischer
29%
2001/02 18 Martin Max
29%
1999/00 19 Martin Max
29%
1994/95 20 Mario Basler
25%
1984/85 26 Klaus Allofs
23%
1978/79 22 Klaus Allofs
23%
1988/89 17 Thomas Allofs
23%
1991/92 22 Fritz Walter
21%
1993/94 18 Stefan Kuntz
20%
1985/86 22 Stefan Kuntz
20%
2000/01 22 Sergej Barbarez
19%
2002/03 21 Thomas Christiansen
19%
1993/94 18 Anthony Yeboah
15%
1992/93 20 Anthony Yeboah
15%
1966/67 28 Lothar Emmerich
15%
1965/66 31 Lothar Emmerich
15%
1994/95 20 Heiko Herrlich
14%
1998/99 23 Michael Preetz
14%
1986/87 24 Uwe Rahn
13%
1989/90 18 Jörn Andersen
12%
1990/91 21 Roland Wohlfarth
12%
1988/89 17 Roland Wohlfarth
12%
1967/68 27 Johannes Löhr
8%
1964/65 24 Rudolf Brunnenmeier
7%
1970/71 24 Lothar Kobluhn
6%
Keine übereinstimmenden Quizze gefunden
Verteilung der Resultate
Anzahl Personen mit jedem Resultat
Perzentil nach korrekt beantworteten Fragen
Ihre Resultats-Entwicklung
Sie haben dieses Quiz noch nicht gespielt